| 000 | 00505nam a2200157 a 4500 | ||
|---|---|---|---|
| 008 | 120416s1987 ||||||||||||||||| || u | ||
| 020 | _a0907671292 | ||
| 050 | _aHX 56 Cro | ||
| 100 | _aCrozier, Brian | ||
| 245 | 1 | 0 | _aSocialism |
| 246 | _adream and reality | ||
| 260 |
_aLondon _bThe Sherwood Press _c1987 |
||
| 300 | _axv, 145p. | ||
| 350 | _a0.00 | ||
| 995 |
_D0.00 _FCBU-MAIN LIBRARY (Kitwe) _H1 _I3.75 _UAVAILABLE _ZMain Library Open Access Collection |
||
| 999 |
_c57760 _d57760 |
||